The theology of evangelism: (Record no. 10567)

000 -LEADER
fixed length control field 00587nam a2200181 a 4500
001 - CONTROL NUMBER
control field :::00008356$&:&@@
003 - CONTROL NUMBER IDENTIFIER
control field OkBaRHE
005 - DATE AND TIME OF LATEST TRANSACTION
control field 20000607103343.0
008 - FIXED-LENGTH DATA ELEMENTS--GENERAL INFORMATION
fixed length control field s1951 j 000 0 eng u
040 ## - CATALOGING SOURCE
Transcribing agency
100 1# - MAIN ENTRY--PERSONAL NAME
Personal name Cook, Henry, 1886-
245 14 - TITLE STATEMENT
Title The theology of evangelism:
Remainder of title the gospel in the world of today.
260 ## - PUBLICATION, DISTRIBUTION, ETC. (IMPRINT)
Place of publication, distribution, etc London, UK:EN., :
Name of publisher, distributor, etc Carey Kingsgate Press Ltd.
Date of publication, distribution, etc 1951
300 ## - PHYSICAL DESCRIPTION
Extent 138 p. ;
Dimensions 19 cm.
650 ## - SUBJECT ADDED ENTRY--TOPICAL TERM
Topical term or geographic name as entry element Evangelistic Work
942 ## - ADDED ENTRY ELEMENTS (KOHA)
Source of classification or shelving scheme
Koha item type Books
Copies
Full call number Barcode Shelving location Damaged status Withdrawn status Source of classification or shelving scheme Date acquired Lost status Permanent Location Not for loan Koha item type Price effective from Date last seen Copy number
BV 3790 .C59528356General Stacks   2010-04-14 RHEMA Bible Training College Books2010-04-142010-04-141